[Event "Flint (Class B/4)"]
[Site "?"]
[Date "1990.??.??"]
[Round "?"]
[White "Robinson, Dave"]
[Black "Durkee, David"]
[Result "0-1"]
[WhiteElo "1660"]
[BlackElo "1780"]
[PlyCount "52"]
[EventDate "1990.??.??"]

1. c4 Nf6 2. Nf3 g6 3. g3 d5 4. Bg2 Nc6 5. cxd5 Nxd5 6. O-O Bg7 7. Nc3 Nf6 8.
d4 Bf5 9. Re1 O-O 10. e4 Bg4 11. e5 Nd5 12. Nxd5 Qxd5 13. Be3 Rad8 14. Rc1 Qxa2
15. Qd2 Bxf3 16. Bxf3 Bxe5 17. Bxc6 bxc6 18. Qc3 Bd6 19. Bh6 Rfe8 20. d5 f6 21.
dxc6 Rb8 22. Qd4 e5 23. Qd3 Rxb2 24. Ra1 Qe6 25. Rxa7 Bc5 26. Rxc7 Bxf2+ 0-1

[Event "Detroit (MI Op/5/45)"]
[Site "?"]
[Date "1990.??.??"]
[Round "?"]
[White "Roberts, Kenneth"]
[Black "Thurman, John"]
[Result "0-1"]
[WhiteElo "1790"]
[BlackElo "1740"]
[PlyCount "70"]
[EventDate "1990.??.??"]

{5/(45)} 1. c4 e5 2. Nc3 Nf6 3. g3 c6 4. Bg2 Bb4 5. e3 d5 6. cxd5 Bxc3 7. dxc6
Bxd2+ 8. Bxd2 Nxc6 9. Ne2 Bd7 10. O-O O-O 11. e4 Qe7 12. Re1 Rfd8 13. Nc3 Be6
14. Qc1 Rac8 15. Bg5 Nd4 16. f4 Bg4 17. Nd5 Rxd5 18. Qxc8+ Bxc8 19. exd5 Qc5
20. Kh1 exf4 21. Rac1 Qf8 22. Bxf4 Qd8 23. Bc7 Qd7 24. Bd6 Ne8 25. Bc5 Nf5 26.
Bxa7 Nfd6 27. Be3 h6 28. Bf4 g5 29. Bd2 Qb5 30. b3 Bf5 31. Bc3 f6 32. Bb2 Kf7
33. Rf1 Be4 34. Rcd1 Bxg2+ 35. Kxg2 Qe2+ 0-1

[Event "Detroit (MI Op/2/44)"]
[Site "?"]
[Date "1990.??.??"]
[Round "?"]
[White "Roberts, Kenneth"]
[Black "Darbro, D."]
[Result "0-1"]
[WhiteElo "1790"]
[BlackElo "1920"]
[PlyCount "65"]
[EventDate "1990.??.??"]

{2/(44)} 1. d4 e6 2. c4 f5 3. g3 d5 4. Nf3 c6 5. Nbd2 Nf6 6. e3 Bd6 7. Ne5 O-O
8. Be2 Nbd7 9. Ndf3 Ne4 10. O-O Qc7 11. Nd3 g5 12. c5 Be7 13. Bd2 g4 14. Nfe5
Bf6 15. Nxd7 Bxd7 16. Be1 Ng5 17. b4 Rae8 18. Bc3 Re7 19. f3 h5 20. f4 Ne4 21.
Be1 h4 22. Ne5 Be8 23. Bd3 hxg3 24. Bxg3 Nxg3 25. hxg3 Rh7 26. Kg2 Rh3 27. Nxg4
Bh5 28. Nxf6+ Rxf6 29. Be2 Bxe2 30. Qxe2 Rfh6 31. Rh1 Qh7 32. Rxh3 Rxh3 33. Qd1
0-1

[Event "Detroit (MOR/6/4)"]
[Site "?"]
[Date "1990.??.??"]
[Round "?"]
[White "Robbins, Fred"]
[Black "Saulmon, Scott"]
[Result "1-0"]
[WhiteElo "1780"]
[BlackElo "1640"]
[PlyCount "117"]
[EventDate "1990.??.??"]

{6/(4)} 1. f4 e5 2. fxe5 d6 3. exd6 Bxd6 4. Nf3 Bg4 5. e4 Nf6 6. d3 h5 7. Bg5
Nc6 8. c3 Ne5 9. Nbd2 Ng6 10. Qc2 Bf4 11. Bxf4 Nxf4 12. e5 N6d5 13. O-O-O Ne3
14. Qa4+ Qd7 15. Qxf4 Nxd1 16. Kxd1 O-O-O 17. h3 Bf5 18. Ne4 g6 19. Kc1 Qd5 20.
b3 Qc6 21. Kb2 Bxe4 22. Qxe4 Qxe4 23. dxe4 Rd1 24. Rg1 Rhd8 25. Ka3 Rc1 26. c4
Rdd1 27. Nh2 Kd7 28. g4 hxg4 29. hxg4 Ke6 30. g5 Kxe5 31. Ng4+ Kf4 32. Nh2 Ke5
33. Nf3+ Kxe4 34. Nh2 Ke5 35. Kb4 Kd6 36. Ka3 Kc5 37. b4+ Kb6 38. Ka4 c6 39.
Rg3 Rxf1 40. c5+ Kc7 41. Nxf1 Rxf1 42. a3 Rf5 43. Kb3 Kd7 44. Kc4 Rf4+ 45. Kd3
Rf5 46. Ke4 Ke6 47. a4 b6 48. cxb6 axb6 49. Rc3 Kd6 50. Rd3+ Kc7 51. Rg3 c5 52.
bxc5 bxc5 53. Rf3 Rxf3 54. Kxf3 Kb6 55. Ke4 Kc6 56. Ke5 Kb6 57. Kd5 Ka5 58.
Kxc5 Kxa4 59. Kd6 1-0

[Event "Detroit (MOR/2/6)"]
[Site "?"]
[Date "1990.??.??"]
[Round "?"]
[White "Robbins, Fred"]
[Black "Neely, Richard"]
[Result "1-0"]
[WhiteElo "1780"]
[BlackElo "1605"]
[PlyCount "57"]
[EventDate "1990.??.??"]

{2/(6)} 1. f4 Nc6 2. Nf3 Nf6 3. e3 b6 4. b3 Bb7 5. Bb2 e6 6. Be2 d5 7. Ne5 Bd6
8. O-O Qe7 9. Bf3 O-O-O 10. Qe2 h6 11. a4 g5 12. g3 Rh7 13. Nxc6 Bxc6 14. a5 b5
15. c4 a6 16. Nc3 b4 17. Na4 Bb7 18. c5 Bxc5 19. Nxc5 Qxc5 20. Bxf6 Rg8 21.
Rfc1 Qa7 22. Bd4 Qa8 23. Qd3 f5 24. Ra4 Bc6 25. Rxb4 Bb5 26. Rxb5 axb5 27. Qxb5
gxf4 28. exf4 Rf8 29. Rc6 1-0

[Event "Detroit (MOR/4/3)"]
[Site "?"]
[Date "1990.??.??"]
[Round "?"]
[White "Robbins, Fred"]
[Black "Boyce, Alroy"]
[Result "1-0"]
[WhiteElo "1780"]
[BlackElo "1690"]
[PlyCount "73"]
[EventDate "1990.??.??"]

{4/(3)} 1. f4 Nf6 2. Nf3 d6 3. b3 c5 4. Bb2 e6 5. e3 Be7 6. Na3 a6 7. Bd3 O-O
8. O-O Nbd7 9. c4 Re8 10. h3 e5 11. fxe5 dxe5 12. Ng5 h6 13. Ne4 Nxe4 14. Bxe4
Nf6 15. Bc2 e4 16. Qe2 Bd7 17. Rf4 Bc6 18. Raf1 Qd7 19. Nb1 Rad8 20. Qf2 Qe6
21. Bd1 Rd6 22. Rf5 Qd7 23. Bg4 Qd8 24. Qg3 Bd7 25. Rxf6 Rxf6 26. Bxf6 Bxf6 27.
Bxd7 Be5 28. Qg4 h5 29. Qf5 Re7 30. Ba4 f6 31. Qxh5 Qd6 32. Be8 Bh2+ 33. Kh1
Re5 34. Rf5 Rxf5 35. Qxf5 Be5 36. Qd7 Qb6 37. Bg6 1-0

[Event "Detroit (MOR/3/20)"]
[Site "?"]
[Date "1990.??.??"]
[Round "?"]
[White "Rincon, Helio"]
[Black "Turner, Keita"]
[Result "1-0"]
[WhiteElo "1765"]
[BlackElo "1605"]
[PlyCount "43"]
[EventDate "1990.??.??"]

{3/(20)} 1. e4 c5 2. Nf3 Nc6 3. d4 cxd4 4. Nxd4 Nf6 5. Nc3 d6 6. Be2 g6 7. Be3
Bg7 8. f3 O-O 9. Qd2 a6 10. O-O-O Re8 11. g4 Ne5 12. h4 b5 13. h5 b4 14. Nd5
Nxd5 15. exd5 Qa5 16. Kb1 g5 17. Bxg5 Qxd5 18. Bh6 Kh8 19. Bxg7+ Kg8 20. Bxe5
dxe5 21. Qg5+ Kh8 22. Nf5 1-0

[Event "Detroit (MOR/1b/3)"]
[Site "?"]
[Date "1990.??.??"]
[Round "?"]
[White "Rincon, Helio"]
[Black "Sujarit, P."]
[Result "1-0"]
[WhiteElo "1765"]
[BlackElo "1605"]
[PlyCount "57"]
[EventDate "1990.??.??"]

1. e4 Nf6 2. Nc3 e6 3. Nf3 h6 4. Be2 Bb4 5. e5 Bxc3 6. bxc3 Nd5 7. O-O O-O 8.
Re1 b6 9. c4 Ne7 10. d4 d5 11. Ba3 Ba6 12. cxd5 Bxe2 13. Qxe2 exd5 14. e6 f6
15. c4 c6 16. Nh4 Re8 17. c5 b5 18. Qh5 Kh7 19. Bc1 Na6 20. f4 g6 21. Nxg6 Kg7
22. Nxe7 Qxe7 23. f5 Rh8 24. Qg6+ Kf8 25. Bf4 Nxc5 26. dxc5 Qxc5+ 27. Kh1 Qe7
28. Bd6 Re8 29. Qf7# 1-0

[Event "Detroit (MOR/5/6)"]
[Site "?"]
[Date "1990.??.??"]
[Round "?"]
[White "Rincon, Helio"]
[Black "Albacker, D."]
[Result "1-0"]
[WhiteElo "1765"]
[BlackElo "1620"]
[PlyCount "113"]
[EventDate "1990.??.??"]

{5/(6)} 1. e4 e5 2. Nf3 d6 3. d4 exd4 4. Qxd4 Nc6 5. Bb5 Bd7 6. Bxc6 Bxc6 7.
O-O Nf6 8. Nc3 Be7 9. Bd2 O-O 10. Rfe1 h6 11. h3 b6 12. Rad1 Qd7 13. Bf4 Rad8
14. Qe3 Rfe8 15. Bh2 Bf8 16. Ne5 Rxe5 17. Bxe5 Qe6 18. Bxf6 Qxf6 19. Nd5 Bxd5
20. exd5 Qxb2 21. Qb3 Qf6 22. Qc4 Rc8 23. Qc6 Qf5 24. Rd3 g6 25. Rf3 Qg5 26.
Qd7 Rd8 27. Qxf7+ Kh8 28. Re6 Bg7 29. Qxg6 Qxd5 30. Rf7 Qd4 31. Rxg7 Qxg7 32.
Qxh6+ Qxh6 33. Rxh6+ Kg7 34. Re6 Rd7 35. Kf1 c5 36. h4 d5 37. Ke2 Rf7 38. g3 d4
39. Re4 Rd7 40. a4 Kf6 41. Kd3 Rb7 42. h5 Kg5 43. g4 Rf7 44. Ke2 Rf6 45. f3 a6
46. Kf2 Rc6 47. Kg3 b5 48. axb5 axb5 49. f4+ Kh6 50. Kh4 d3 51. g5+ Kh7 52.
cxd3 b4 53. Re7+ Kg8 54. g6 Rb6 55. Kg5 b3 56. h6 b2 57. Re8# 1-0

[Event "Detroit (MCO/2/9)"]
[Site "?"]
[Date "1990.??.??"]
[Round "?"]
[White "Ridella, Dennis"]
[Black "Turner, George"]
[Result "0-1"]
[WhiteElo "1795"]
[BlackElo "2100"]
[PlyCount "62"]
[EventDate "1990.??.??"]

{2/(9)} 1. e4 Nf6 2. e5 Nd5 3. Bc4 Nb6 4. Bb3 c5 5. c3 d6 6. exd6 Qxd6 7. Nf3
e6 8. d4 cxd4 9. Nxd4 Be7 10. Be3 O-O 11. Nd2 Nd5 12. Nc4 Qd8 13. Bd2 Bf6 14.
Nf3 b5 15. Nce5 Bb7 16. Ng4 Be7 17. Qe2 a6 18. O-O Nd7 19. Rad1 Qc7 20. Bc1
N7f6 21. Nxf6+ Bxf6 22. Nd4 Rad8 23. Rd3 Nf4 24. Bxf4 Qxf4 25. Bxe6 Bxd4 26. g3
Qf6 27. Rxd4 Qxe6 28. Qxe6 fxe6 29. Rh4 Rd2 30. Rb4 Bd5 31. a3 Bc4 0-1

[Event "Detroit (MCO/4/20)"]
[Site "?"]
[Date "1990.??.??"]
[Round "?"]
[White "Ridella, Dennis"]
[Black "Burke, David"]
[Result "1-0"]
[WhiteElo "1795"]
[BlackElo "1605"]
[PlyCount "93"]
[EventDate "1990.??.??"]

{4/(20)} 1. e4 e5 2. Nf3 Nc6 3. Bb5 Nge7 4. c3 a6 5. Ba4 b5 6. Bb3 g6 7. d3 Bg7
8. Ng5 O-O 9. O-O d5 10. Nd2 h6 11. Ngf3 Be6 12. Bc2 f5 13. exf5 Bxf5 14. Nh4
Rf7 15. Nxf5 Nxf5 16. Nf3 Nh4 17. Nxh4 Qxh4 18. g3 Qh3 19. d4 e4 20. f3 Rd8 21.
f4 g5 22. Bb3 Ne7 23. Qe2 c6 24. Bd2 g4 25. a4 Nf5 26. Be1 Rb8 27. axb5 axb5
28. Ra6 Rc8 29. Ba2 Rcc7 30. Bb3 h5 31. Bf2 Bf6 32. Rfa1 h4 33. Ra8+ Rf8 34.
Qxe4 hxg3 35. Bxg3 Bh4 36. Rxf8+ Kxf8 37. Qxf5+ Rf7 38. Ra8+ Kg7 39. Qe5+ Bf6
40. Qe8 Kg6 41. Qg8+ Bg7 42. Ra6 Rf6 43. Qe8+ Kh6 44. Rxc6 Rxc6 45. Qxc6+ Kh7
46. Bc2+ Kh8 47. Qe8+ 1-0

[Event "Detroit (RVO/5)"]
[Site "?"]
[Date "1990.??.??"]
[Round "?"]
[White "Repkin, Victor"]
[Black "Williams, Ron"]
[Result "1-0"]
[WhiteElo "2090"]
[BlackElo "1605"]
[PlyCount "69"]
[EventDate "1990.??.??"]

1. c4 Nf6 2. g3 g6 3. Bg2 Bg7 4. Nc3 d6 5. d4 O-O 6. e4 c6 7. Nge2 Bd7 8. O-O
Ne8 9. Be3 Na6 10. Qd2 Nac7 11. Bh6 e6 12. Bxg7 Nxg7 13. e5 d5 14. Nd1 Qe7 15.
Ne3 b6 16. Ng4 f5 17. exf6 Rxf6 18. Nxf6+ Qxf6 19. cxd5 cxd5 20. Qf4 Qd8 21.
Qe5 Nce8 22. Nf4 Nf6 23. Rac1 Ng4 24. Qc7 Ne8 25. Qxd8 Rxd8 26. Bh3 Nef6 27.
Rfe1 Kf7 28. f3 g5 29. Nd3 Nh6 30. Ne5+ Ke7 31. Nxd7 Kxd7 32. Rxe6 g4 33. Rxf6
gxh3 34. Rxh6 Rh8 35. Rcc6 1-0

[Event "Detroit (MI Op/2/16)"]
[Site "?"]
[Date "1990.??.??"]
[Round "?"]
[White "Repkin, Victor"]
[Black "Steen, Harold"]
[Result "1-0"]
[WhiteElo "2115"]
[BlackElo "1815"]
[PlyCount "120"]
[EventDate "1990.??.??"]

{2/(16)} 1. Nf3 Nf6 2. c4 c5 3. g3 g6 4. Bg2 Bg7 5. O-O O-O 6. d4 cxd4 7. Nxd4
Nc6 8. e4 Nxd4 9. Qxd4 d6 10. Nc3 a6 11. Rd1 Nd7 12. Qd2 Rb8 13. b3 b5 14. cxb5
axb5 15. Bb2 Ba6 16. Nd5 Bxb2 17. Qxb2 Bb7 18. Ne3 Qb6 19. Rac1 Ne5 20. Kh1 f6
21. Qd2 Kg7 22. f4 Nf7 23. Nd5 Bxd5 24. Qxd5 Rfe8 25. Bh3 Ra8 26. Rc2 Qe3 27.
Qd3 Qxd3 28. Rxd3 Ra7 29. Be6 Rea8 30. b4 Rb8 31. Rdc3 Nd8 32. Bd5 Nf7 33. Rc7
Rxc7 34. Rxc7 Kf8 35. Kg2 h6 36. Kf3 g5 37. Rb7 Rxb7 38. Bxb7 Nd8 39. Bd5 e6
40. Ba8 Ke7 41. Kg4 Kf7 42. f5 e5 43. Bd5+ Kg7 44. Kf3 h5 45. Ke3 Kf8 46. h4 g4
47. Kd3 Ke7 48. Kc3 Kd7 49. Kb3 Kc7 50. a4 bxa4+ 51. Kxa4 Kb6 52. b5 Nb7 53.
Bxb7 Kxb7 54. Kb4 Kb6 55. Kc4 Ka5 56. Kd5 Kxb5 57. Kxd6 Kc4 58. Ke6 Kd4 59.
Kxf6 Kxe4 60. Kg5 Kf3 1-0

[Event "Lansing (Mini-Swiss.1/1)"]
[Site "?"]
[Date "1990.??.??"]
[Round "?"]
[White "Repkin, Victor"]
[Black "Morris, Jason"]
[Result "1-0"]
[WhiteElo "2085"]
[BlackElo "2075"]
[PlyCount "65"]
[EventDate "1990.??.??"]

{1/(1)} 1. d4 Nf6 2. Nf3 d6 3. c4 g6 4. Nc3 Bg7 5. e4 Nbd7 6. g3 O-O 7. Bg2 Rb8
8. O-O a6 9. Re1 b5 10. cxb5 axb5 11. Qc2 b4 12. Ne2 c5 13. dxc5 Nxc5 14. Ned4
Bb7 15. e5 Nd5 16. exd6 Qxd6 17. Nb3 Nxb3 18. Qxb3 e6 19. Bd2 Rfc8 20. Rad1 Ba6
21. Bf4 Qb6 22. Bxb8 Bc4 23. Qc2 Qxb8 24. Qb1 Qa7 25. Rc1 Bh6 26. Rc2 Qa6 27.
Ne5 Bb5 28. Rxc8+ Qxc8 29. Bf1 Ba4 30. Bc4 Nb6 31. Nxf7 Nxc4 32. Nxh6+ Kg7 33.
b3 $138 1-0

[Event "Detroit (RVO/3)"]
[Site "?"]
[Date "1990.??.??"]
[Round "?"]
[White "Repkin, Victor"]
[Black "Flynn, Jeff"]
[Result "1/2-1/2"]
[WhiteElo "2090"]
[BlackElo "1795"]
[PlyCount "113"]
[EventDate "1990.??.??"]

1. Nf3 Nf6 2. c4 g6 3. Nc3 Bg7 4. d4 d5 5. g3 O-O 6. Bg2 c5 7. cxd5 Nxd5 8. e4
Nxc3 9. bxc3 Nc6 10. Be3 Bg4 11. e5 cxd4 12. cxd4 Qa5+ 13. Qd2 Qb5 14. h3 Be6
15. Bf1 Qa4 16. Be2 Rfd8 17. Qb2 Qb4+ 18. Qxb4 Nxb4 19. Rb1 Nc2+ 20. Kd2 Nxe3
21. fxe3 Rac8 22. Rxb7 Rb8 23. Rhb1 Rxb7 24. Rxb7 a5 25. Rb5 a4 26. Ra5 Rb8 27.
Rb5 Rxb5 28. Bxb5 a3 29. Kc3 Bxa2 30. Kb4 Bd5 31. Ne1 a2 32. Nc2 e6 33. Bd3
Bf8+ 34. Kc3 Bc6 35. Kb2 a1=Q+ 36. Nxa1 Bh6 37. e4 Be3 38. Kc3 Bf2 39. g4 Be1+
40. Kc4 Bb7 41. Kc5 Kf8 42. Kb6 Ba8 43. Nb3 Bf2 44. Kc7 Ke7 45. Na5 Bxd4 46.
Kb8 Bxe4 47. Bxe4 Bxe5+ 48. Kc8 f5 49. Bc2 Kf6 50. Kd7 fxg4 51. hxg4 Bc3 52.
Nc4 e5 53. Nd6 Bd4 54. Ne4+ Kg7 55. Ke6 h5 56. gxh5 gxh5 57. Kf5 1/2-1/2

[Event "Detroit (MI Op/6/13)"]
[Site "?"]
[Date "1990.??.??"]
[Round "?"]
[White "Repkin, Victor"]
[Black "Conley, Steve"]
[Result "1-0"]
[WhiteElo "2125"]
[BlackElo "1975"]
[PlyCount "67"]
[EventDate "1990.??.??"]

{6/(13)} 1. d4 Nf6 2. Nf3 d5 3. g3 Bf5 4. Bg2 e6 5. O-O Be7 6. c4 O-O 7. Nc3 h6
8. Nh4 Bh7 9. Qb3 Qc8 10. cxd5 exd5 11. Nxd5 Nxd5 12. Bxd5 c6 13. Bg2 Bxh4 14.
gxh4 Nd7 15. Bh3 Qc7 16. Qg3 Qxg3+ 17. hxg3 Nf6 18. f3 Rfe8 19. e4 Rad8 20. Be3
a5 21. Rfd1 Nd7 22. Kf2 Nf8 23. Rac1 Ne6 24. Rc3 Nc7 25. Rc5 Ra8 26. d5 Red8
27. Rdc1 Na6 28. Rxa5 Nb4 29. Rxa8 Rxa8 30. Rd1 cxd5 31. a3 Nc6 32. Rxd5 f6 33.
Rb5 Rb8 34. Bf4 1-0

[Event "Detroit (RVO/1)"]
[Site "?"]
[Date "1990.??.??"]
[Round "?"]
[White "Repkin, Victor"]
[Black "Choyke, J."]
[Result "1-0"]
[WhiteElo "2090"]
[BlackElo "1630"]
[PlyCount "103"]
[EventDate "1990.??.??"]

1. d4 Nf6 2. c4 c5 3. Nf3 cxd4 4. Nxd4 e6 5. Bg5 a6 6. Nc3 Be7 7. f3 d6 8. Qd2
Qc7 9. e4 O-O 10. Be2 Nc6 11. Be3 Rd8 12. Rc1 Rb8 13. O-O Bd7 14. Rfd1 Nxd4 15.
Bxd4 Bc6 16. Nd5 Bxd5 17. cxd5 Qd7 18. dxe6 fxe6 19. Bb6 Rdc8 20. Bc4 d5 21.
exd5 exd5 22. Bxd5+ Nxd5 23. Rxc8+ Qxc8 24. Qxd5+ Kh8 25. Bd4 Qd8 26. Bxg7+
Kxg7 27. Qe5+ Bf6 28. Qg3+ Kf7 29. Rxd8 Rxd8 30. Qc7+ Ke8 31. Qxb7 Bd4+ 32. Kf1
Rd7 33. Qxa6 Ke7 34. b4 Bc3 35. Qc4 Be5 36. Qe4 Kf6 37. Qh4+ Ke6 38. Qc4+ Kf6
39. b5 Rd4 40. Qc6+ Kf5 41. Qh6 Bf6 42. Qxh7+ Ke6 43. Qc7 Be5 44. Qc6+ Rd6 45.
Qc4+ Kf6 46. f4 Bd4 47. a4 Kf5 48. g3 Bb6 49. Qf7+ Kg4 50. Ke2 Rd4 51. Qg6+ Kh3
52. Qxb6 1-0

[Event "Detroit (MI Op/4/17)"]
[Site "?"]
[Date "1990.??.??"]
[Round "?"]
[White "Repkin, Victor"]
[Black "Brady, Lindell"]
[Result "1-0"]
[WhiteElo "2125"]
[BlackElo "1930"]
[PlyCount "43"]
[EventDate "1990.??.??"]

{4/(17)} 1. d4 Nf6 2. Nf3 e6 3. g3 d5 4. Bg2 Nbd7 5. O-O Bd6 6. c4 dxc4 7. Qa4
O-O 8. Qxc4 e5 9. Rd1 Qe7 10. Nc3 Nb6 11. Qb3 e4 12. Ne1 Bf5 13. Bg5 Rfe8 14.
a4 a5 15. Nc2 Be6 16. d5 Bf5 17. Ne3 Bd7 18. Nxe4 Bxa4 19. Rxa4 Nxa4 20. Qxa4
Qe5 21. Bxf6 gxf6 22. Ng4 1-0

[Event "Lansing (Jan)"]
[Site "?"]
[Date "1990.??.??"]
[Round "?"]
[White "Repas, B."]
[Black "Vandenburg, V.E."]
[Result "0-1"]
[WhiteElo "1605"]
[BlackElo "1630"]
[PlyCount "62"]
[EventDate "1990.??.??"]

1. e4 e6 2. d4 b5 3. Bxb5 Bb7 4. Nc3 Bb4 5. Bd3 Nf6 6. Bg5 Be7 7. e5 Nd5 8.
Bxe7 Nxe7 9. Nf3 O-O 10. O-O f6 11. Re1 fxe5 12. Nxe5 Nf5 13. Be4 d5 14. Bf3
Nd7 15. Bg4 Nxe5 16. Rxe5 Qd7 17. Qd3 a6 18. Rae1 Rf6 19. Rxe6 Rxe6 20. Rxe6
Qxe6 21. Bxf5 Qe1+ 22. Qf1 Re8 23. g4 Qd2 24. Qd3 Qc1+ 25. Kg2 Qh6 26. Ne2 g6
27. Bd7 Re7 28. Ba4 Bc8 29. h3 Qg5 30. c4 dxc4 31. Qxc4+ Be6 0-1

[Event "Flint (MI Senior/4/9)"]
[Site "?"]
[Date "1990.??.??"]
[Round "?"]
[White "Repas, B."]
[Black "Suess, J."]
[Result "1-0"]
[WhiteElo "1605"]
[BlackElo "1605"]
[PlyCount "161"]
[EventDate "1990.??.??"]

{4/(9)} 1. e4 e6 2. d4 b6 3. Nf3 Bb7 4. Nc3 Nf6 5. Bg5 Be7 6. Bc4 c6 7. e5 Ng8
8. Bf4 d5 9. exd6 Bxd6 10. Ne5 Qf6 11. Bg3 Qe7 12. f4 Nd7 13. Qg4 g6 14. O-O-O
b5 15. Bb3 a5 16. a4 b4 17. Ne4 f5 18. Nxd6+ Qxd6 19. Qe2 Ngf6 20. Nxd7 Nxd7
21. Bxe6 O-O-O 22. Bxd7+ Qxd7 23. Qc4 Rhe8 24. Bf2 Kb8 25. Rhg1 Qc7 26. g3 Rd5
27. Rge1 Re4 28. Rxe4 fxe4 29. Re1 Qe7 30. c3 Kc7 31. Kc2 Kb6 32. cxb4 Qxb4 33.
Qc3 Qxa4+ 34. Qb3+ Qxb3+ 35. Kxb3 Bc8 36. Rxe4 Bf5 37. Re5 Rd6 38. d5+ Kc7 39.
Re7+ Kd8 40. Rxh7 Rxd5 41. Kc3 Rd3+ 42. Kc4 Rd2 43. Bd4 Be6+ 44. Kc5 Rc2+ 45.
Kd6 Bd7 46. Rh8+ Be8 47. Bb6+ Kc8 48. Rxe8+ Kb7 49. Bxa5 Rxb2 50. Re7+ Ka6 51.
Re8 Rxh2 52. Bc7 Rc2 53. Rg8 Kb7 54. Ba5 Ra2 55. Bb4 Rc2 56. Bc5 Rd2+ 57. Ke5
Rd5+ 58. Ke6 Rxc5 59. Rxg6 Rd5 60. Kf6 c5 61. Rh6 c4 62. Rh1 Kc6 63. g4 c3 64.
g5 Kc5 65. g6 Kc4 66. g7 Rd8 67. Rh8 c2 68. Rxd8 Kb3 69. Rc8 Kb2 70. Rxc2+ Kxc2
71. g8=R Kd3 72. Re8 Kd4 73. Kg5 Kc5 74. f5 Kd5 75. f6 Kd6 76. f7 Kd7 77. f8=Q
Kc6 78. Qf5 Kc7 79. Re6 Kd7 80. Qf7+ Kd8 81. Re8# 1-0

[Event "Lansing (MI Am/1/16)"]
[Site "?"]
[Date "1990.??.??"]
[Round "?"]
[White "Repas, B."]
[Black "Skidmore, Mike"]
[Result "0-1"]
[WhiteElo "1605"]
[BlackElo "1900"]
[PlyCount "96"]
[EventDate "1990.??.??"]

{1/(16)} 1. e4 c6 2. d4 d5 3. e5 Bf5 4. Nf3 e6 5. a3 h6 6. Nc3 c5 7. Bb5+ Nc6
8. O-O a6 9. Ba4 b5 10. Bb3 cxd4 11. Nxd4 Nxd4 12. Qxd4 Qc7 13. Bf4 Bc5 14. Qd2
Ne7 15. Be3 Bxe3 16. Qxe3 O-O 17. Rad1 Rac8 18. Rfe1 Nc6 19. Qc5 Qb8 20. Nxd5
exd5 21. Qxd5 Be6 22. Qe4 Bxb3 23. cxb3 Rfe8 24. f4 Re6 25. Rd7 Rd8 26. Red1
Qc8 27. Qd5 Rxd7 28. Qxd7 Qxd7 29. Rxd7 f6 30. exf6 Rxf6 31. g3 Na5 32. Rd3 Rc6
33. b4 Nc4 34. Rc3 Rd6 35. Rc2 Rd1+ 36. Kf2 Rb1 37. Ke2 Kf7 38. Kd3 Nxb2+ 39.
Kd4 Rd1+ 40. Ke5 Nc4+ 41. Ke4 Ra1 42. Rc3 Nxa3 43. Rc7+ Kg8 44. Kf5 Kh7 45. h4
Nc4 46. Rd7 Ra3 47. Kg4 Ne3+ 48. Kh3 Nf5 0-1

[Event "Flint (MI Senior/1/1)"]
[Site "?"]
[Date "1990.??.??"]
[Round "?"]
[White "Repas, B."]
[Black "Poschel, Paul"]
[Result "0-1"]
[WhiteElo "1605"]
[BlackElo "2310"]
[PlyCount "56"]
[EventDate "1990.??.??"]

{1/(1)} 1. e4 c5 2. b4 cxb4 3. a3 d5 4. exd5 Qxd5 5. Nf3 e6 6. axb4 Bxb4 7. Na3
Nc6 8. Nb5 Qd8 9. Bb2 Nf6 10. Ne5 O-O 11. Nf3 b6 12. Be2 Bb7 13. O-O a6 14. Na3
Qc7 15. Bxf6 gxf6 16. c3 Be7 17. Qc2 b5 18. Bd3 f5 19. Qd1 Kh8 20. Qe2 Rg8 21.
Nc2 Bf6 22. Rab1 Ne5 23. Ncd4 Rxg2+ 24. Kxg2 Rg8+ 25. Kh3 Ng6 26. Qe3 Nf4+ 27.
Qxf4 Qxf4 28. Rg1 Qh6+ 0-1

[Event "Lansing (MI Am/5/20)"]
[Site "?"]
[Date "1990.??.??"]
[Round "?"]
[White "Repas, B."]
[Black "Mellen, Steve"]
[Result "0-1"]
[WhiteElo "1605"]
[BlackElo "1915"]
[PlyCount "74"]
[EventDate "1990.??.??"]

{5/(20)} 1. e4 Nf6 2. Nc3 d5 3. e5 Ne4 4. d4 Nxc3 5. bxc3 Bf5 6. c4 c6 7. cxd5
cxd5 8. Nf3 Nc6 9. a3 e6 10. Bd2 a6 11. c3 b5 12. Be2 Na5 13. a4 Nc4 14. Bxc4
bxc4 15. a5 Bd3 16. Qa4+ Qd7 17. Qxd7+ Kxd7 18. Kd1 h6 19. Ne1 Bg6 20. f4 Be7
21. Nc2 Rhc8 22. g4 Rab8 23. Kc1 Rb5 24. Rb1 Rcb8 25. Rxb5 Rxb5 26. Kd1 Rxa5
27. Nb4 Ra1+ 28. Bc1 Bxb4 29. cxb4 Kc6 30. Kd2 Ra2+ 31. Ke3 c3 32. Rf1 Be4 33.
f5 Ra1 34. Ke2 Kb5 35. fxe6 fxe6 36. Kd1 Kc4 37. Rg1 Kxd4 0-1

[Event "Lansing (MI Am/3/28)"]
[Site "?"]
[Date "1990.??.??"]
[Round "?"]
[White "Repas, B."]
[Black "McCarter, Robert"]
[Result "0-1"]
[WhiteElo "1605"]
[BlackElo "1705"]
[PlyCount "40"]
[EventDate "1990.??.??"]

{3/(28)} 1. e4 c5 2. b4 cxb4 3. a3 e6 4. Nf3 Nf6 5. e5 Nd5 6. axb4 Bxb4 7. c3
Be7 8. Na3 O-O 9. Nb5 Nc6 10. Ba3 Bxa3 11. Rxa3 Qe7 12. Ra4 a6 13. c4 Nb6 14.
Ra1 axb5 15. Rxa8 Nxa8 16. Qa1 Nc7 17. cxb5 Nb4 18. Qc1 Ncd5 19. Be2 Nf4 20.
Bf1 Nfd3+ 0-1

[Event "Lansing (Jan)"]
[Site "?"]
[Date "1990.??.??"]
[Round "?"]
[White "Repas, B."]
[Black "Gregory, Kevin"]
[Result "0-1"]
[WhiteElo "1605"]
[BlackElo "1685"]
[PlyCount "90"]
[EventDate "1990.??.??"]

1. e4 c6 2. d4 d5 3. Nc3 dxe4 4. Nxe4 Bf5 5. Nc3 Nf6 6. Nf3 Nbd7 7. Bc4 e6 8.
Bg5 Be7 9. O-O O-O 10. Re1 Nd5 11. Bxe7 Qxe7 12. Nxd5 cxd5 13. Bb3 Rac8 14. c3
Rc7 15. a4 Nb6 16. Ne5 Rfc8 17. a5 Nd7 18. Ba4 Nxe5 19. Rxe5 Qf6 20. Bc2 Bxc2
21. Qxc2 Rc4 22. Rf1 Rxd4 23. Qe2 Rdc4 24. g3 R8c5 25. f4 g6 26. b4 Rc8 27. Qf2
a6 28. Qb6 Qe7 29. Rd1 Qc7 30. b5 Qxb6+ 31. axb6 axb5 32. Re3 Rxc3 33. Rxc3
Rxc3 34. Rb1 Rc5 35. Rb2 Kf8 36. Kf1 Ke7 37. Ke1 Kd6 38. Re2 Kc6 39. h3 Kxb6
40. Kd2 b4 41. Re3 Rc3 42. Rxc3 bxc3+ 43. Kxc3 Kc5 44. g4 d4+ 45. Kd3 b5 0-1

[Event "Lansing (MI Am/1/42)"]
[Site "?"]
[Date "1990.??.??"]
[Round "?"]
[White "Reid, Ricky"]
[Black "Rostrom, Richard"]
[Result "0-1"]
[WhiteElo "1605"]
[BlackElo "1710"]
[PlyCount "54"]
[EventDate "1990.??.??"]

{1/(42)} 1. d4 Nf6 2. Bf4 g6 3. Nf3 d6 4. e3 Bg7 5. Bd3 O-O 6. Nbd2 Nh5 7. Bg3
Nxg3 8. fxg3 Nd7 9. O-O Re8 10. Ng5 Nf6 11. Bc4 d5 12. Be2 e5 13. c4 c6 14.
cxd5 cxd5 15. e4 h6 16. dxe5 Rxe5 17. Ngf3 Re8 18. e5 Nd7 19. Bb5 Qb6+ 20. Kh1
Qxb5 21. Qb3 Qxb3 22. Nxb3 Nxe5 23. Rae1 Bd7 24. Nc5 Bc6 25. b3 Rad8 26. Rd1
Ng4 27. h3 Ne3 0-1

[Event "Detroit (MCO/4/23)"]
[Site "?"]
[Date "1990.??.??"]
[Round "?"]
[White "Reeves, Andre"]
[Black "Walker, LeRoy"]
[Result "0-1"]
[WhiteElo "1605"]
[BlackElo "1605"]
[PlyCount "96"]
[EventDate "1990.??.??"]

{4/(23)} 1. e4 e5 2. Nc3 d6 3. Bc4 c6 4. d3 Nd7 5. Nf3 Be7 6. b3 b5 7. Nxb5
cxb5 8. Bxb5 a5 9. Bb2 Ba6 10. Ba4 Rb8 11. d4 Bf6 12. dxe5 dxe5 13. Bxe5 Bxe5
14. Nxe5 Bb5 15. Bxb5 Rxb5 16. Nxd7 Qxd7 17. Qxd7+ Kxd7 18. O-O Nf6 19. Rfd1+
Ke7 20. c4 Rc5 21. f3 Ra8 22. Kf2 a4 23. Ke3 axb3 24. axb3 Rca5 25. Rxa5 Rxa5
26. b4 Ra3+ 27. Rd3 Rxd3+ 28. Kxd3 Kd7 29. Kd4 Kc6 30. Kc3 Nd7 31. Kb3 Kb6 32.
Kc3 Kc6 33. Kd4 Nf8 34. b5+ Kb6 35. c5+ Kxb5 36. Kd5 Ka6 37. c6 Kb6 38. f4 Kc7
39. f5 h5 40. Ke5 Kxc6 41. Kf4 Kd7 42. h4 Nh7 43. e5 f6 44. exf6 gxf6 45. g4
hxg4 46. Kxg4 Ke7 47. Kh5 Kf7 48. Kg4 Nf8 0-1

[Event "Detroit (MCO/2/23)"]
[Site "?"]
[Date "1990.??.??"]
[Round "?"]
[White "Reeves, Andre"]
[Black "Grossman, Jay"]
[Result "0-1"]
[WhiteElo "1605"]
[BlackElo "1690"]
[PlyCount "98"]
[EventDate "1990.??.??"]

{2/(23)} 1. e4 Nf6 2. Nc3 d6 3. Bc4 g6 4. d4 Bg7 5. Bf4 O-O 6. Nf3 Nc6 7. O-O
Nh5 8. e5 Nxf4 9. Ng5 dxe5 10. Bxf7+ Rxf7 11. Nxf7 Kxf7 12. Qf3 Nxd4 13. Qd1
Nde2+ 14. Kh1 Qxd1 15. Raxd1 Nxc3 16. bxc3 Bf5 17. Rd2 Bh6 18. Rfd1 c6 19. Rd8
Rxd8 20. Rxd8 Bxc2 21. Rd7 Nd5 22. Rxb7 Nxc3 23. Rxa7 e4 24. Ra5 e3 25. fxe3
Bxe3 26. Ra3 Bd4 27. h4 Bb1 28. Ra6 Bxa2 29. Rxc6 Bd5 30. Ra6 Ne2 31. Ra3 Nf4
32. Kh2 Nxg2 33. Rd3 e5 34. Kg3 Ke6 35. Kg4 h5+ 36. Kg3 Ne3 37. Ra3 Kf5 38. Kh2
Kg4 39. Rxe3 Kxh4 40. Rd3 g5 41. Re3 g4 42. Re4 Kg5 43. Re2 h4 44. Re1 g3+ 45.
Kh3 g2 46. Rd1 Kf4 47. Kh2 g1=Q+ 48. Rxg1 Bxg1+ 49. Kxg1 Kg3 0-1